Relaciones diplomáticas hispano-mexicanas : 1839-1898 : despachos generales : 1839-1841 /

En esta colección se presenta una documentación diplomática entre España y México, con lo que se pone de manifiesto una visión histórica de la relación entre ambos países. Este volumen abarca el período de Angel Calderón de la Barca, primer ministro de España en México, y los primeros meses de la mi...

Ausführliche Beschreibung

Gespeichert in:
Bibliographische Detailangaben
Format: Buch
Sprache:Spanisch
Veröffentlicht: México : El Colegio de México, 1949, c1949
Schriftenreihe:(Despachos Generales ; 1)
Schlagworte:
Tags: Tag hinzufügen
Keine Tags, Fügen Sie das erste Tag hinzu!

MARC

LEADER 00000nam^a2200000^a^4500
001 000132458
005 20250521000000.0
009 20260310095058.268
037 |a Acervo ITESO - Biblioteca 
041 |a ESP 
082 |a 327. 72046 REL 1949 V. 1 
240 1 1 |a [Relaciones diplomáticas hispano-mexicanas] 
245 1 0 |a Relaciones diplomáticas hispano-mexicanas :  |b 1839-1898 : despachos generales : 1839-1841 /  |c Selec. y notas de Javier Malagón Barceló, Enriqueta Lópezlira, José María Miquel I. Vergés ; pról. de Luis Nicolau D'Olwer. 
264 4 |a México :  |b El Colegio de México,  |c 1949, c1949 
300 |a XXXII, 379 p. 
336 |a texto  |b txt  |2 rdacontenido 
337 |a sin mediación  |b n  |2 rdamedio 
338 |a volumen  |b nc  |2 rdasoporte 
440 1 |a (Despachos Generales ;  |v 1) 
520 |a En esta colección se presenta una documentación diplomática entre España y México, con lo que se pone de manifiesto una visión histórica de la relación entre ambos países. Este volumen abarca el período de Angel Calderón de la Barca, primer ministro de España en México, y los primeros meses de la misión de Pedro Pascual de Oliver, el segundo enviado. 
649 |a XX 
650 |a Relaciones Internacionales -  |z México-España -  |x Historia 
650 |a Política Exterior -  |z México -  |x Historia -  |y Centralismo, 1835-1846 
650 |a Política Exterior -  |z México -  |x Historia -  |y Federalismo y Centralismo, 1824-1853 
650 |a Política -  |z México -  |x Historia -  |y Centralismo, 1835-1846 
650 |a Política -  |z México -  |x Historia -  |y Federalismo y Centralismo, 1824-1853 
650 |a México -  |x Historia -  |y Centralismo, 1835-1846 
650 |a México -  |x Historia -  |y Federalismo y Centralismo, 1824-1853 
650 |a España -  |x Historia -  |y Isabel II, 1833-1868 
650 |a España -  |x Historia -  |y Siglo XIX 
910 |a Fondo Salvador Reynoso Reynoso 
920 |a Impresos - Libros 
930 |a Fondos Especiales 
905 |a 112 
901 |a 0800012586  |b IT2  |c ESP  |u 20250521 
902 |a https://opac.biblio.iteso.mx/vufind/Record/000132458